000 00298nam a2200133Ia 4500
100 _aCrabb Don
942 _cBK
654 _aRunning Unix
245 _aRunning Unix : So it doesnt run you
260 _bZiff.Davis
_aCalifornia
_c1993
082 _a005.13 'U'
546 _aENGLISH
999 _c26944
_d26944